[Event "DVM U14 2020"]
[Site "Willingen GER"]
[Date "2021.06.25"]
[Round "3"]
[White "Ruddat, Jarne"]
[Black "Kaiser, Jason"]
[Result "0-1"]
[Termination "normal"]
[Board "2.4"]
[WhiteElo "1385"]
[BlackElo "1479"]
[WhiteClock "00:49:53"]
[BlackClock "00:34:20"]
[WhiteTeam "SC Borussia Lichtenberg"]
[BlackTeam "SF Neuberg"]
[PlyCount "154"]
[WhiteFideId "16254236"]
[BlackFideId "16275187"]
[EventCountry "GER"]
[EventRounds "7"]
[EventType "team-swiss"]
[EventDate "2021.06.23"]

1. e4 {[%clk 1:30:59]} 1... d5 {[%clk 1:30:51]} 2. exd5 {[%clk 1:31:25]} 2...
Qxd5 {[%clk 1:31:15]} 3. Nc3 {[%clk 1:31:49]} 3... Qa5 {[%clk 1:31:26]} 4. Bc4
{[%clk 1:32:08]} 4... Nf6 {[%clk 1:31:28]} 5. d3 {[%clk 1:32:09]} 5... c6 {
[%clk 1:31:14]} 6. Nf3 {[%clk 1:32:11]} 6... Bg4 {[%clk 1:30:53]} 7. Bd2 {
[%clk 1:32:16]} 7... Qh5 {[%clk 1:28:56]} 8. Qe2 {[%clk 1:30:30]} 8... Bxf3 {
[%clk 1:28:08]} 9. gxf3 {[%clk 1:30:37]} 9... Nbd7 {[%clk 1:27:15]} 10. Bf4 {
[%clk 1:29:55]} 10... O-O-O {[%clk 1:25:35]} 11. O-O-O {[%clk 1:28:45]} 11...
e6 {[%clk 1:23:28]} 12. Kb1 {[%clk 1:24:28]} 12... Nb6 {[%clk 1:22:01]} 13. Bb3
{[%clk 1:24:25]} 13... Bb4 {[%clk 1:21:10]} 14. Ne4 {[%clk 1:19:11]} 14... Nfd5
{[%clk 1:19:06]} 15. Bd2 {[%clk 1:18:22]} 15... Bxd2 {[%clk 1:17:21]} 16. Nxd2
{[%clk 1:18:11]} 16... a5 {[%clk 1:15:52]} 17. a3 {[%clk 1:18:06]} 17... Qh4 {
[%clk 1:14:50]} 18. Rdg1 {[%clk 1:16:35]} 18... g6 {[%clk 1:09:37]} 19. Nc4 {
[%clk 1:15:38]} 19... Nxc4 {[%clk 1:06:09]} 20. Bxc4 {[%clk 1:15:53]} 20...
Rhe8 {[%clk 1:06:00]} 21. Rg4 {[%clk 1:15:30]} 21... Qe7 {[%clk 1:03:20]} 22.
Qd2 {[%clk 1:14:07]} 22... b6 {[%clk 0:55:08]} 23. h4 {[%clk 1:08:18]} 23...
Qf6 {[%clk 0:54:06]} 24. Qe2 {[%clk 1:07:43]} 24... h5 {[%clk 0:53:38]} 25. Re4
{[%clk 1:07:00]} 25... Qe7 {[%clk 0:53:01]} 26. c3 {[%clk 1:04:48]} 26... Qd6 {
[%clk 0:50:00]} 27. Kc2 {[%clk 0:59:07]} 27... b5 {[%clk 0:45:45]} 28. Bxd5 {
[%clk 0:57:21]} 28... cxd5 {[%clk 0:43:03]} 29. Re5 {[%clk 0:55:13]} 29... b4 {
[%clk 0:40:48]} 30. axb4 {[%clk 0:54:58]} 30... axb4 {[%clk 0:41:12]} 31. Ra1 {
[%clk 0:55:09]} 31... Re7 {[%clk 0:38:47]} 32. d4 {[%clk 0:54:39]} 32... Rc7 {
[%clk 0:34:25]} 33. Qb5 {[%clk 0:51:51]} 33... Rb7 {[%clk 0:32:13]} 34. Ra8+ {
[%clk 0:50:13]} 34... Rb8 {[%clk 0:29:47]} 35. Rxb8+ {[%clk 0:50:09]} 35...
Qxb8 {[%clk 0:30:11]} 36. Qxb4 {[%clk 0:50:07]} 36... Qxb4 {[%clk 0:30:25]} 37.
cxb4 {[%clk 0:50:36]} 37... Rd7 {[%clk 0:30:38]} 38. Kb3 {[%clk 0:51:00]} 38...
Kb7 {[%clk 0:30:56]} 39. Re1 {[%clk 0:51:18]} 39... Rc7 {[%clk 0:31:09]} 40. f4
{[%clk 0:49:40]} 40... Rc4 {[%clk 0:31:00]} 41. Rd1 {[%clk 0:49:38]} 41... Kb6
{[%clk 0:31:11]} 42. f5 {[%clk 0:49:12]} 42... exf5 {[%clk 0:29:13]} 43. f3 {
[%clk 0:48:14]} 43... Kb5 {[%clk 0:26:43]} 44. Rd3 {[%clk 0:45:13]} 44... Rxb4+
{[%clk 0:26:39]} 45. Kc3 {[%clk 0:45:38]} 45... Rc4+ {[%clk 0:27:00]} 46. Kd2 {
[%clk 0:45:57]} 46... f4 {[%clk 0:27:10]} 47. b3 {[%clk 0:44:56]} 47... Rc7 {
[%clk 0:27:13]} 48. Kd1 {[%clk 0:42:42]} 48... Kb4 {[%clk 0:26:36]} 49. Kd2 {
[%clk 0:43:00]} 49... Ra7 {[%clk 0:26:48]} 50. Ke1 {[%clk 0:42:06]} 50... Ra2 {
[%clk 0:26:51]} 51. Kf1 {[%clk 0:42:30]} 51... Rb2 {[%clk 0:27:15]} 52. Rd1 {
[%clk 0:42:19]} 52... Kxb3 {[%clk 0:27:23]} 53. Re1 {[%clk 0:42:40]} 53... Rh2
{[%clk 0:27:31]} 54. Kg1 {[%clk 0:43:05]} 54... Rd2 {[%clk 0:27:14]} 55. Re7 {
[%clk 0:43:19]} 55... Rxd4 {[%clk 0:26:26]} 56. Rxf7 {[%clk 0:43:43]} 56... Rc4
{[%clk 0:26:37]} 57. Rf6 {[%clk 0:43:44]} 57... d4 {[%clk 0:26:52]} 58. Rxf4 {
[%clk 0:44:04]} 58... d3 {[%clk 0:27:14]} 59. Rf6 {[%clk 0:44:16]} 59... Rxh4 {
[%clk 0:27:35]} 60. Rxg6 {[%clk 0:44:21]} 60... Rd4 {[%clk 0:27:53]} 61. Kh2 {
[%clk 0:44:13]} 61... d2 {[%clk 0:28:13]} 62. Rg1 {[%clk 0:44:39]} 62... d1=Q {
[%clk 0:28:31]} 63. Rxd1 {[%clk 0:45:02]} 63... Rxd1 {[%clk 0:28:57]} 64. Kg3 {
[%clk 0:45:27]} 64... Kc4 {[%clk 0:29:17]} 65. f4 {[%clk 0:45:46]} 65... Kd5 {
[%clk 0:29:42]} 66. Kh4 {[%clk 0:46:01]} 66... Rf1 {[%clk 0:30:06]} 67. Kxh5 {
[%clk 0:46:24]} 67... Rxf4 {[%clk 0:30:32]} 68. Kg5 {[%clk 0:46:47]} 68... Ke5
{[%clk 0:30:56]} 69. Kg6 {[%clk 0:47:09]} 69... Rf1 {[%clk 0:31:21]} 70. Kg7 {
[%clk 0:47:31]} 70... Ke6 {[%clk 0:31:48]} 71. Kg6 {[%clk 0:47:50]} 71... Rg1+
{[%clk 0:32:14]} 72. Kh5 {[%clk 0:48:16]} 72... Kf5 {[%clk 0:32:34]} 73. Kh4 {
[%clk 0:48:15]} 73... Rg8 {[%clk 0:32:59]} 74. Kh3 {[%clk 0:48:39]} 74... Kf4 {
[%clk 0:33:25]} 75. Kh2 {[%clk 0:49:02]} 75... Kf3 {[%clk 0:33:53]} 76. Kh1 {
[%clk 0:49:27]} 76... Kf2 {[%clk 0:34:20]} 77. Kh2 {[%clk 0:49:53]} 77... Rh8#
0-1

[Event "DVM U14 2020"]
[Site "Willingen GER"]
[Date "2021.06.25"]
[Round "3"]
[White "Nitsche, Nikolai"]
[Black "Hänselmann, Hendrik"]
[Result "1/2-1/2"]
[Termination "normal"]
[Board "3.1"]
[WhiteElo "1831"]
[BlackElo "1828"]
[WhiteClock "00:27:58"]
[BlackClock "00:24:06"]
[WhiteTeam "SV Empor Berlin e.V."]
[BlackTeam "Karlsruher SF 1853"]
[PlyCount "104"]
[WhiteFideId "16221036"]
[BlackFideId "16232755"]
[EventCountry "GER"]
[EventRounds "7"]
[EventType "team-swiss"]
[EventDate "2021.06.23"]

1. g3 {[%clk 1:30:43]} 1... e5 {[%clk 1:30:55]} 2. d3 {[%clk 1:31:06]} 2... d5
{[%clk 1:31:18]} 3. Bg2 {[%clk 1:31:31]} 3... Nc6 {[%clk 1:31:38]} 4. Nf3 {
[%clk 1:31:33]} 4... g6 {[%clk 1:31:43]} 5. O-O {[%clk 1:31:39]} 5... Bg7 {
[%clk 1:32:10]} 6. e4 {[%clk 1:31:53]} 6... Nge7 {[%clk 1:32:17]} 7. Nc3 {
[%clk 1:31:28]} 7... d4 {[%clk 1:27:34]} 8. Nd5 {[%clk 1:29:05]} 8... O-O {
[%clk 1:27:29]} 9. Nxe7+ {[%clk 1:26:30]} 9... Qxe7 {[%clk 1:27:25]} 10. Bd2 {
[%clk 1:22:55]} 10... h6 {[%clk 1:25:04]} 11. Qe2 {[%clk 1:21:29]} 11... Nd8 {
[%clk 1:14:35]} 12. Kh1 {[%clk 1:17:59]} 12... c5 {[%clk 1:13:25]} 13. Ng1 {
[%clk 1:15:21]} 13... Nc6 {[%clk 1:12:05]} 14. f4 {[%clk 1:14:35]} 14... b6 {
[%clk 1:07:59]} 15. Nf3 {[%clk 1:11:51]} 15... Kh7 {[%clk 1:06:32]} 16. Nxe5 {
[%clk 1:04:01]} 16... Nxe5 {[%clk 1:02:58]} 17. fxe5 {[%clk 1:04:22]} 17...
Bxe5 {[%clk 1:03:11]} 18. Bf4 {[%clk 1:01:22]} 18... Bb7 {[%clk 1:01:42]} 19.
Bxe5 {[%clk 1:01:00]} 19... Qxe5 {[%clk 1:01:18]} 20. Rf4 {[%clk 1:01:06]}
20... b5 {[%clk 0:59:51]} 21. Raf1 {[%clk 0:55:14]} 21... Kg7 {[%clk 0:56:01]}
22. h4 {[%clk 0:51:27]} 22... Bc8 {[%clk 0:53:41]} 23. Kh2 {[%clk 0:31:44]}
23... Be6 {[%clk 0:49:01]} 24. Bh3 {[%clk 0:29:31]} 24... g5 {[%clk 0:34:04]}
25. Rf5 {[%clk 0:28:23]} 25... Bxf5 {[%clk 0:33:44]} 26. Rxf5 {[%clk 0:28:47]}
26... Qe7 {[%clk 0:34:02]} 27. hxg5 {[%clk 0:28:51]} 27... hxg5 {[%clk 0:34:27]
} 28. Qg4 {[%clk 0:27:31]} 28... Kg6 {[%clk 0:31:26]} 29. e5 {[%clk 0:24:40]}
29... f6 {[%clk 0:25:02]} 30. exf6 {[%clk 0:24:25]} 30... Qe3 {[%clk 0:24:58]}
31. Rf3 {[%clk 0:15:23]} 31... Qe2+ {[%clk 0:23:20]} 32. Bg2 {[%clk 0:14:47]}
32... Rh8+ {[%clk 0:21:06]} 33. Kg1 {[%clk 0:15:14]} 33... Qe1+ {[%clk 0:20:28]
} 34. Bf1 {[%clk 0:15:22]} 34... Qe5 {[%clk 0:19:41]} 35. Qe4+ {[%clk 0:12:18]}
35... Qxe4 {[%clk 0:19:56]} 36. dxe4 {[%clk 0:12:47]} 36... Rhf8 { [%clk
0:16:17]} 37. e5 {[%clk 0:11:55]} 37... c4 {[%clk 0:13:49]} 38. g4 { [%clk
0:10:27]} 38... Rae8 {[%clk 0:11:50]} 39. Rf5 {[%clk 0:10:44]} 39... Rd8 {[%clk
0:11:16]} 40. Kf2 {[%clk 0:08:44]} 40... d3 {[%clk 0:06:59]} 41. cxd3 { [%clk
0:09:06]} 41... cxd3 {[%clk 0:07:27]} 42. Ke1 {[%clk 0:09:21]} 42... d2+ {[%clk
0:06:35]} 43. Kd1 {[%clk 0:09:46]} 43... Rf7 {[%clk 0:06:26]} 44. Rf3 { [%clk
0:07:33]} 44... Rc7 {[%clk 0:04:16]} 45. Bd3+ {[%clk 0:07:29]} 45... Kf7 {[%clk
0:04:27]} 46. Kxd2 {[%clk 0:06:43]} 46... Rc5 {[%clk 0:04:21]} 47. Re3 { [%clk
0:02:30]} 47... Re8 {[%clk 0:02:51]} 48. Bf5 {[%clk 0:27:42]} 48... Rexe5
{[%clk 0:31:54]} 49. Rh3 {[%clk 0:28:04]} 49... Red5+ {[%clk 0:30:05]} 50. Ke3
{[%clk 0:27:48]} 50... Re5+ {[%clk 0:28:30]} 51. Kd3 {[%clk 0:27:47]} 51...
Red5+ {[%clk 0:24:06]} 52. Ke3 {[%clk 0:27:58]} 52... Re5+ 1/2-1/2

[Event "DVM U14 2020"]
[Site "Willingen GER"]
[Date "2021.06.25"]
[Round "3"]
[White "Kiefhaber, Tobias"]
[Black "Freude, Max"]
[Result "0-1"]
[Termination "normal"]
[Board "3.2"]
[WhiteElo "1562"]
[BlackElo "1806"]
[WhiteClock "00:21:15"]
[BlackClock "00:37:34"]
[WhiteTeam "Karlsruher SF 1853"]
[BlackTeam "SV Empor Berlin e.V."]
[PlyCount "58"]
[WhiteFideId "16240693"]
[BlackFideId "16236157"]
[EventCountry "GER"]
[EventRounds "7"]
[EventType "team-swiss"]
[EventDate "2021.06.23"]

1. d4 {[%clk 1:30:58]} 1... Nf6 {[%clk 1:30:56]} 2. Nf3 {[%clk 1:31:21]} 2...
d5 {[%clk 1:31:23]} 3. Bf4 {[%clk 1:31:44]} 3... c5 {[%clk 1:31:44]} 4. e3 {
[%clk 1:32:07]} 4... Nc6 {[%clk 1:32:10]} 5. c3 {[%clk 1:32:15]} 5... Qb6 {
[%clk 1:32:23]} 6. Qb3 {[%clk 1:29:22]} 6... c4 {[%clk 1:31:12]} 7. Qxb6 {
[%clk 1:27:23]} 7... axb6 {[%clk 1:31:36]} 8. Na3 {[%clk 1:25:34]} 8... Ra5 {
[%clk 1:21:44]} 9. Bc7 {[%clk 1:16:50]} 9... e6 {[%clk 1:00:46]} 10. Bxb6 {
[%clk 1:10:28]} 10... Ra6 {[%clk 1:00:31]} 11. Bc5 {[%clk 1:08:37]} 11... Bxc5
{[%clk 1:00:49]} 12. dxc5 {[%clk 1:09:02]} 12... Ne4 {[%clk 0:53:10]} 13. Nb5 {
[%clk 1:04:51]} 13... Ke7 {[%clk 0:51:37]} 14. Nbd4 {[%clk 0:36:42]} 14... Nxc5
{[%clk 0:47:48]} 15. b4 {[%clk 0:32:07]} 15... Nxd4 {[%clk 0:46:24]} 16. Nxd4 {
[%clk 0:29:30]} 16... Ne4 {[%clk 0:46:05]} 17. Ne2 {[%clk 0:29:19]} 17... Ra3 {
[%clk 0:45:47]} 18. g3 {[%clk 0:22:32]} 18... Bd7 {[%clk 0:45:25]} 19. Bg2 {
[%clk 0:22:38]} 19... Nxc3 {[%clk 0:45:16]} 20. Nxc3 {[%clk 0:22:14]} 20...
Rxc3 {[%clk 0:45:44]} 21. a4 {[%clk 0:21:58]} 21... Ra8 {[%clk 0:44:46]} 22. b5
{[%clk 0:21:55]} 22... Bxb5 {[%clk 0:44:28]} 23. a5 {[%clk 0:21:16]} 23... b6 {
[%clk 0:44:06]} 24. Kd2 {[%clk 0:21:07]} 24... Rd3+ {[%clk 0:44:30]} 25. Kc2 {
[%clk 0:21:23]} 25... Rxa5 {[%clk 0:43:35]} 26. Rxa5 {[%clk 0:21:00]} 26...
bxa5 {[%clk 0:44:04]} 27. Rb1 {[%clk 0:21:12]} 27... Ba4+ {[%clk 0:44:18]} 28.
Kb2 {[%clk 0:20:58]} 28... Rd2+ {[%clk 0:37:11]} 29. Ka3 {[%clk 0:21:15]} 29...
Bb3 {[%clk 0:37:34]} 0-1

[Event "DVM U14 2020"]
[Site "Willingen GER"]
[Date "2021.06.25"]
[Round "3"]
[White "Ellert, Stefan"]
[Black "Hoffmann, Alexander"]
[Result "0-1"]
[Termination "normal"]
[Board "3.3"]
[WhiteElo "1657"]
[BlackElo "1554"]
[WhiteClock "00:32:27"]
[BlackClock "00:22:30"]
[WhiteTeam "SV Empor Berlin e.V."]
[BlackTeam "Karlsruher SF 1853"]
[PlyCount "104"]
[WhiteFideId "16235029"]
[BlackFideId "16240219"]
[EventCountry "GER"]
[EventRounds "7"]
[EventType "team-swiss"]
[EventDate "2021.06.23"]

1. d4 {[%clk 1:30:34]} 1... d5 {[%clk 1:30:55]} 2. Bf4 {[%clk 1:30:30]} 2...
Nf6 {[%clk 1:31:08]} 3. Nf3 {[%clk 1:30:52]} 3... c5 {[%clk 1:30:50]} 4. c3 {
[%clk 1:30:11]} 4... e6 {[%clk 1:30:49]} 5. e3 {[%clk 1:30:33]} 5... Nc6 {
[%clk 1:30:49]} 6. Bd3 {[%clk 1:30:50]} 6... Bd6 {[%clk 1:31:05]} 7. Bg3 {
[%clk 1:31:13]} 7... O-O {[%clk 1:31:14]} 8. Nbd2 {[%clk 1:31:15]} 8... b6 {
[%clk 1:30:06]} 9. Ne5 {[%clk 1:30:28]} 9... Bb7 {[%clk 1:25:35]} 10. f4 {
[%clk 1:29:51]} 10... Ne7 {[%clk 1:24:49]} 11. Qc2 {[%clk 1:23:08]} 11... Nc8 {
[%clk 1:11:10]} 12. Bh4 {[%clk 1:22:22]} 12... h6 {[%clk 1:00:38]} 13. g4 {
[%clk 1:21:01]} 13... Be7 {[%clk 0:54:31]} 14. g5 {[%clk 1:09:07]} 14... Ne4 {
[%clk 0:49:21]} 15. Nxe4 {[%clk 1:07:55]} 15... dxe4 {[%clk 0:49:33]} 16. Bxe4
{[%clk 1:08:15]} 16... Bxe4 {[%clk 0:48:44]} 17. Qxe4 {[%clk 1:08:40]} 17...
Nd6 {[%clk 0:48:39]} 18. Qg2 {[%clk 0:57:52]} 18... Nf5 {[%clk 0:45:31]} 19.
Bf2 {[%clk 0:57:19]} 19... hxg5 {[%clk 0:38:47]} 20. Nc6 {[%clk 0:54:21]} 20...
Qd5 {[%clk 0:36:28]} 21. Nxe7+ {[%clk 0:54:14]} 21... Nxe7 {[%clk 0:36:46]} 22.
e4 {[%clk 0:54:38]} 22... Qc6 {[%clk 0:35:52]} 23. h4 {[%clk 0:43:45]} 23... f5
{[%clk 0:32:48]} 24. O-O {[%clk 0:36:51]} 24... cxd4 {[%clk 0:27:26]} 25. Bxd4
{[%clk 0:36:01]} 25... g4 {[%clk 0:26:08]} 26. Rae1 {[%clk 0:36:10]} 26... Kf7
{[%clk 0:21:34]} 27. Re2 {[%clk 0:28:31]} 27... Rh8 {[%clk 0:17:20]} 28. Rfe1 {
[%clk 0:25:44]} 28... Ng6 {[%clk 0:16:24]} 29. exf5 {[%clk 0:09:16]} 29...
Qxg2+ {[%clk 0:16:33]} 30. Rxg2 {[%clk 0:09:39]} 30... exf5 {[%clk 0:13:41]}
31. Rge2 {[%clk 0:08:20]} 31... Rxh4 {[%clk 0:07:59]} 32. Re6 {[%clk 0:07:58]}
32... Rah8 {[%clk 0:07:45]} 33. R6e2 {[%clk 0:05:20]} 33... Rh1+ { [%clk
0:06:52]} 34. Kf2 {[%clk 0:05:45]} 34... R8h2+ {[%clk 0:06:13]} 35. Kg3 { [%clk
0:05:43]} 35... Rh3+ {[%clk 0:05:10]} 36. Kf2 {[%clk 0:05:52]} 36... Rxe1
{[%clk 0:05:21]} 37. Rxe1 {[%clk 0:05:13]} 37... Rh2+ {[%clk 0:05:03]} 38. Kg3
{[%clk 0:05:08]} 38... Rh3+ {[%clk 0:05:07]} 39. Kf2 {[%clk 0:04:52]} 39...
Nxf4 {[%clk 0:05:25]} 40. Rd1 {[%clk 0:03:57]} 40... Nd3+ {[%clk 0:05:13]} 41.
Kg2 {[%clk 0:03:54]} 41... f4 {[%clk 0:04:32]} 42. b4 {[%clk 0:03:06]} 42...
f3+ {[%clk 0:04:24]} 43. Kg1 {[%clk 0:03:06]} 43... Nf4 {[%clk 0:03:55]} 44.
Be5 {[%clk 0:02:59]} 44... Nd3 {[%clk 0:30:11]} 45. Rxd3 {[%clk 0:32:01]} 45...
f2+ {[%clk 0:30:29]} 46. Kxf2 {[%clk 0:32:30]} 46... Rxd3 {[%clk 0:30:51]} 47.
Ke2 {[%clk 0:32:56]} 47... Rd5 {[%clk 0:30:34]} 48. Bd4 {[%clk 0:32:44]} 48...
Rf5 {[%clk 0:30:20]} 49. c4 {[%clk 0:32:29]} 49... g3 {[%clk 0:22:43]} 50. c5 {
[%clk 0:32:04]} 50... bxc5 {[%clk 0:22:57]} 51. Bxc5 {[%clk 0:32:21]} 51... a6
{[%clk 0:22:30]} 52. Kd3 {[%clk 0:32:27]} 52... Rxc5 0-1

[Event "DVM U14 2020"]
[Site "Willingen GER"]
[Date "2021.06.25"]
[Round "3"]
[White "Kiefhaber, Julius"]
[Black "Jiang, Luke"]
[Result "1-0"]
[Termination "normal"]
[Board "3.4"]
[WhiteElo "1465"]
[BlackElo "1358"]
[WhiteClock "00:04:48"]
[BlackClock "00:17:57"]
[WhiteTeam "Karlsruher SF 1853"]
[BlackTeam "SV Empor Berlin e.V."]
[PlyCount "91"]
[WhiteFideId "16245121"]
[BlackFideId "16292065"]
[EventCountry "GER"]
[EventRounds "7"]
[EventType "team-swiss"]
[EventDate "2021.06.23"]

1. e4 {[%clk 1:30:58]} 1... c5 {[%clk 1:30:56]} 2. Nf3 {[%clk 1:31:24]} 2... d6
{[%clk 1:31:19]} 3. Nc3 {[%clk 1:31:46]} 3... e6 {[%clk 1:30:52]} 4. d4 4...
cxd4 {[%clk 1:31:10]} 5. Nxd4 {[%clk 1:32:21]} 5... Nf6 {[%clk 1:31:10]} 6.
Bb5+ {[%clk 1:31:23]} 6... Bd7 {[%clk 1:31:24]} 7. Qe2 {[%clk 1:31:04]} 7... a6
{[%clk 1:31:08]} 8. Bxd7+ 8... Nbxd7 {[%clk 1:31:12]} 9. O-O {[%clk 1:30:29]}
9... Be7 {[%clk 1:28:56]} 10. Bg5 {[%clk 1:27:38]} 10... O-O {[%clk 1:27:34]}
11. Nf3 {[%clk 1:24:40]} 11... Rc8 {[%clk 1:23:43]} 12. Rad1 {[%clk 1:22:26]}
12... Qc7 13. Rd2 {[%clk 1:20:03]} 13... Nc5 {[%clk 1:20:19]} 14. Rfd1 { [%clk
1:14:58]} 14... Rfd8 15. e5 {[%clk 0:56:46]} 15... Ne8 {[%clk 1:17:45]} 16.
exd6 {[%clk 0:45:22]} 16... Rxd6 {[%clk 1:13:35]} 17. Bxe7 {[%clk 0:41:29]}
17... Qxe7 {[%clk 1:13:01]} 18. Nd4 {[%clk 0:40:02]} 18... Qf6 {[%clk 1:01:12]}
19. b4 {[%clk 0:38:21]} 19... Rcd8 {[%clk 0:57:48]} 20. Qc4 {[%clk 0:31:53]}
20... e5 {[%clk 0:49:23]} 21. bxc5 {[%clk 0:26:14]} 21... Rxd4 {[%clk 0:45:25]}
22. Rxd4 {[%clk 0:19:38]} 22... Rxd4 {[%clk 0:40:08]} 23. Rxd4 {[%clk 0:19:04]}
23... exd4 {[%clk 0:40:11]} 24. Ne2 {[%clk 0:15:31]} 24... Nc7 {[%clk 0:30:41]}
25. Qxd4 {[%clk 0:13:38]} 25... Qxd4 {[%clk 0:29:11]} 26. Nxd4 {[%clk 0:12:19]}
26... Nd5 {[%clk 0:25:45]} 27. a3 {[%clk 0:12:28]} 27... g6 {[%clk 0:20:41]}
28. c6 {[%clk 0:09:00]} 28... bxc6 {[%clk 0:20:51]} 29. Nxc6 {[%clk 0:09:28]}
29... Nc3 {[%clk 0:21:08]} 30. Nb4 {[%clk 0:09:03]} 30... a5 {[%clk 0:21:23]}
31. Nc6 {[%clk 0:08:30]} 31... a4 {[%clk 0:21:43]} 32. Nd4 {[%clk 0:08:31]}
32... f5 {[%clk 0:21:39]} 33. f4 {[%clk 0:07:09]} 33... Kf7 {[%clk 0:21:38]}
34. Kf2 {[%clk 0:06:31]} 34... Ke7 {[%clk 0:20:40]} 35. g3 {[%clk 0:05:33]}
35... Kd6 {[%clk 0:20:19]} 36. Ke3 {[%clk 0:05:17]} 36... Kd5 {[%clk 0:20:21]}
37. Kd3 {[%clk 0:04:59]} 37... Nb1 {[%clk 0:19:53]} 38. Nb5 {[%clk 0:05:02]}
38... Kc6 {[%clk 0:18:18]} 39. Nc3 {[%clk 0:04:32]} 39... Nxa3 {[%clk 0:18:10]}
40. Nxa4 {[%clk 0:05:01]} 40... Kd5 {[%clk 0:17:12]} 41. Nb6+ {[%clk 0:04:09]}
41... Kd6 {[%clk 0:16:52]} 42. Nc4+ {[%clk 0:04:28]} 42... Nxc4 {[%clk 0:17:16]
} 43. Kxc4 43... Kc6 {[%clk 0:17:32]} 44. h3 {[%clk 0:04:52]} 44... h6 { [%clk
0:17:33]} 45. h4 {[%clk 0:04:22]} 45... h5 {[%clk 0:17:57]} 46. c3 { [%clk
0:04:48]} 1-0

[Event "DVM U14 2020"]
[Site "Willingen GER"]
[Date "2021.06.25"]
[Round "3"]
[White "Yin, Haode"]
[Black "Garner, Isaac"]
[Result "0-1"]
[Termination "normal"]
[Board "4.1"]
[WhiteElo "1759"]
[BlackElo "2095"]
[WhiteClock "00:00:32"]
[BlackClock "00:14:38"]
[WhiteTeam "SchachAkademiePaderborn e. V."]
[BlackTeam "Hamburger SK von 1830"]
[PlyCount "74"]
[WhiteFideId "16261348"]
[BlackFideId "16239261"]
[EventCountry "GER"]
[EventRounds "7"]
[EventType "team-swiss"]
[EventDate "2021.06.23"]

1. d4 {[%clk 1:30:57]} 1... Nf6 {[%clk 1:30:51]} 2. Bf4 {[%clk 1:31:15]} 2...
d5 {[%clk 1:31:15]} 3. e3 {[%clk 1:31:23]} 3... c5 {[%clk 1:31:33]} 4. c3 {
[%clk 1:31:19]} 4... Nc6 {[%clk 1:31:53]} 5. Bd3 {[%clk 1:30:24]} 5... Qb6 {
[%clk 1:29:11]} 6. Qb3 {[%clk 1:27:13]} 6... c4 {[%clk 1:26:24]} 7. Qxb6 {
[%clk 1:27:30]} 7... axb6 {[%clk 1:26:44]} 8. Bc2 {[%clk 1:25:31]} 8... g6 {
[%clk 1:16:33]} 9. Nf3 {[%clk 1:21:41]} 9... b5 {[%clk 1:14:40]} 10. O-O {
[%clk 1:14:23]} 10... b4 {[%clk 1:11:39]} 11. Nbd2 {[%clk 1:08:34]} 11... Bf5 {
[%clk 1:01:55]} 12. Bxf5 {[%clk 1:04:35]} 12... gxf5 {[%clk 1:02:19]} 13. Ne5 {
[%clk 1:00:56]} 13... bxc3 {[%clk 1:00:05]} 14. bxc3 {[%clk 1:01:07]} 14... Nh5
{[%clk 0:56:37]} 15. Rfb1 {[%clk 0:45:26]} 15... Nxf4 {[%clk 0:54:05]} 16. exf4
{[%clk 0:45:44]} 16... Nd8 {[%clk 0:54:21]} 17. a4 {[%clk 0:37:41]} 17... e6 {
[%clk 0:52:46]} 18. Rb6 {[%clk 0:36:44]} 18... f6 {[%clk 0:51:26]} 19. Nef3 {
[%clk 0:36:19]} 19... Kd7 {[%clk 0:51:21]} 20. g3 {[%clk 0:33:42]} 20... Bd6 {
[%clk 0:47:59]} 21. Nf1 {[%clk 0:31:24]} 21... Ra7 {[%clk 0:45:34]} 22. Ne3 {
[%clk 0:23:34]} 22... Nc6 {[%clk 0:44:14]} 23. Nd1 {[%clk 0:21:39]} 23... Rha8
{[%clk 0:42:09]} 24. Rab1 {[%clk 0:17:19]} 24... Nd8 {[%clk 0:38:53]} 25. Nb2 {
[%clk 0:15:02]} 25... Ra5 {[%clk 0:35:00]} 26. Nd2 {[%clk 0:11:01]} 26... Bc7 {
[%clk 0:22:50]} 27. Rb4 {[%clk 0:07:25]} 27... R5a7 {[%clk 0:22:56]} 28. Rc1 {
[%clk 0:01:45]} 28... Nf7 {[%clk 0:23:02]} 29. Nb1 {[%clk 0:00:47]} 29... Ba5 {
[%clk 0:22:21]} 30. Rb5 {[%clk 0:00:31]} 30... Nd6 {[%clk 0:22:22]} 31. Na3 {
[%clk 0:00:55]} 31... Ra6 {[%clk 0:18:27]} 32. Kg2 {[%clk 0:00:40]} 32... Nxb5
{[%clk 0:17:37]} 33. Nxb5 {[%clk 0:01:06]} 33... Bd8 {[%clk 0:16:13]} 34. Re1 {
[%clk 0:00:42]} 34... Be7 {[%clk 0:15:35]} 35. Ra1 {[%clk 0:00:48]} 35... Rb6 {
[%clk 0:15:33]} 36. Rb1 {[%clk 0:00:44]} 36... Ra5 {[%clk 0:15:25]} 37. Rc1 {
[%clk 0:00:32]} 37... Ba3 {[%clk 0:14:38]} 0-1